Premier League Matchweek Quiz 2025/26 - Statistics

General Stats
  • This quiz has been taken 36 times
  • The average score is 13 of 20
Answer Stats
# Question Answer % Correct
3 West Ham's win against Forest means that there are only one team left in the league without a point. Which team is it? Wolverhampton Wanderers
92%
10 Which team has failed to win any of their first 10 games for two seasons in a row? Wolverhampton Wanderers
92%
9 Aston Villa has beaten Man City at Villa Park for how many seasons in a row? 3
88%
4 Nuno Espírito Santo became the first manager to be sacked. Who was swiftly appointed as his replacement? Ange Postecoglou
88%
2 Who became the youngest Premier League player ever at the age of 15 years 234 days? Max Dowman
88%
4 Which German debutant scored for Newcastle 30 minutes into the game against Wolves? Nick Woltemade
88%
2 Who scored the first ever Premier League goal in Hill Dickinson Stadium? Iliman Ndiaye
84%
5 Plenty new records were broken and made in the game between Man United and Chelsea. For the first time in the Premier League, a player from both side was sent off in the first half. Name both players. Casemiro
80%
6 Fomer Forest and Wolves manager Nuno Espírito Santo was appointed immediately to replace which manager after being sacked on the Saturday morning? Graham Potter
80%
5 Plenty new records were broken and made in the game between Man United and Chelsea. For the first time in the Premier League, a player from either side was sent off in the first half. Name both players. Robert Sánchez
80%
6 Which defender became the sixth player ever to two own goals in the same game? Maxime Estève
76%
8 Chelsea's red card streak in the league continues as who has picked up a red card against Nottingham Forest? Malo Gusto
68%
7 Which Arsenal player became the first ever to be subbed off in three consecutive starts? Martin Ødegaard
64%
8 Which player accumulated the most xG ever recorded in the league? Jean-Philippe Mateta
44%
9 Burnley managed to get their first away win of the season thanks to who's stoppage time winner? Lyle Foster
40%
3 After their 1-0 defeat at Anfield, Arsenal goalkeeper David Raya said that he's still adapting to this new thing in the post-match interview. What is it? New Puma football
40%
7 Richarlison became the fifth Brazilian to have 250 Premier League appearances. Who had the most league appearances amongst Brazilians? Willian
36%
1 Who was the first player to get sent off in the new season? Ezri Konsa
32%
10 West Ham's win against Newcastle marks their first league victory at London Stadium for 248 days since they beat who at home? Leicester City
32%
1 Who was the first player to get booked in the new season? David Brooks
16%
No matching quizzes found
Score Distribution
Percent of People with Each Score
Percentile by Number Answered
Your Score History
You have not taken this quiz